| 000 | 00716nam a2200217Ia 4500 | ||
|---|---|---|---|
| 999 |
_c43815 _d43815 |
||
| 001 | 10560 | ||
| 003 | GE_BSU | ||
| 005 | 20221116145713.0 | ||
| 008 | 181216s2000en xx |||||||||||||| ||eng|| | ||
| 020 | _a0768902754 x | ||
| 040 | _cGE_BSU | ||
| 041 | _aeng | ||
| 080 | _a811.111 G-94 | ||
| 245 | _aGuide to English Language Programs:Worldwide Training for International students. | ||
| 264 |
_aCanada : _bPeterson's, _c2000. |
||
| 300 |
_a656 p; _b24cm. _cill, |
||
| 300 | _e. | ||
| 653 | _aGuide to English Language Programs:Worldwide Training for International students. | ||
| 653 | _aინგლისური ენის პროგრამების გზამკვლევი | ||
| 942 |
_cBK _2udc |
||